Efesate Kianga Paul Laikhak Hilhchetna / (Record no. 4181)

MARC details
000 -LEADER
fixed length control field 00556nam a22001817a 4500
003 - CONTROL NUMBER IDENTIFIER
control field GBCCL
005 - DATE AND TIME OF LATEST TRANSACTION
control field 20241126110513.0
008 - FIXED-LENGTH DATA ELEMENTS--GENERAL INFORMATION
fixed length control field 180116b xxu||||| |||| 00| 0 eng d
040 ## - CATALOGING SOURCE
Transcribing agency gbc
082 ## - DEWEY DECIMAL CLASSIFICATION NUMBER
Classification number VER 227.507
Item number GUI
100 ## - MAIN ENTRY--PERSONAL NAME
Personal name Guite, Kai Za Song
9 (RLIN) 7955
245 ## - TITLE STATEMENT
Title Efesate Kianga Paul Laikhak Hilhchetna /
Statement of responsibility, etc. Kai Za Song Guite
260 ## - PUBLICATION, DISTRIBUTION, ETC.
Place of publication, distribution, etc. Lamka:
Name of publisher, distributor, etc. Evangelical Book House,
Date of publication, distribution, etc. 1987
300 ## - PHYSICAL DESCRIPTION
Extent 214 p.;
Dimensions 18 cm.
440 ## - SERIES STATEMENT/ADDED ENTRY--TITLE
Title Saptuam Laisiangthou Hilhchetna
9 (RLIN) 7247
650 ## - SUBJECT ADDED ENTRY--TOPICAL TERM
Topical term or geographic name entry element Bible
Form subdivision New Testament
-- Ephesians
General subdivision Commentary
9 (RLIN) 7956
942 ## - ADDED ENTRY ELEMENTS (KOHA)
Source of classification or shelving scheme Dewey Decimal Classification
Koha item type Books
Koha issues (borrowed), all copies 7
Holdings
Withdrawn status Lost status Source of classification or shelving scheme Damaged status Not for loan Collection Home library Current Library Shelving location Date acquired Total checkouts Full call number Barcode Date last seen Date last checked out Copy number Price effective from Koha item type
    Dewey Decimal Classification       GRACE BIBLE COLLEGE GRACE BIBLE COLLEGE Vernacular 2018-01-16 6 VER 227.507 GUI 001481 2025-05-01 2024-02-27 c.1 2018-01-16 Books
    Dewey Decimal Classification       GRACE BIBLE COLLEGE GRACE BIBLE COLLEGE Vernacular 2018-01-16 1 VER 227.507 GUI 005388 2025-05-01 2024-01-29 c.2 2018-01-16 Books
© Grace Bible College Library 2025